| 000 | 00825nam a2200253 a 4500 | ||
|---|---|---|---|
| 001 | 28852 | ||
| 003 | BD-RjUL | ||
| 005 | 20211209051334.0 | ||
| 008 | 140401s1981 maua b 00100 eng d | ||
| 020 | _a0205065007 (v. 4) | ||
| 035 | _a(BD-RjUL)28936 | ||
| 040 |
_aDLC _beng _dNU _cDLC _dXNTU _dBD-RjUL |
||
| 041 | _aeng | ||
| 082 | 0 | 0 |
_a155.8 _bHAN V-4 1981 |
| 245 | 0 | 0 |
_aHandbook of cross-cultural psychology / _cedited by Harry C. Triandis and Alastair Heron. _nVolume 4 : _pdevelopment psychology. |
| 260 |
_aBoston : _bAllyn and Bacon, _cc1981. |
||
| 300 |
_axx, 492 p. ; _bill. ; _c24 cm. |
||
| 504 | _aIncludes bibliographies and indexes. | ||
| 650 | 0 |
_aEthnopsychology. _95430 |
|
| 700 | 1 |
_aTriandis, Harry Charalambos, _d1926- _95431 |
|
| 700 | 1 |
_aHeron, Alastair. _988201 |
|
| 942 |
_2ddc _cBK |
||
| 999 |
_c28852 _d28852 |
||